لمعا ت و ر با عيا ت (Record no. 171043)

MARC details
000 -LEADER
fixed length control field 00619nam a22001937a 4500
005 - DATE AND TIME OF LATEST TRANSACTION
control field 20200103155737.0
010 ## - LCCN (DPL NO)
LC control number 123681
020 ## - INTERNATIONAL STANDARD BOOK NUMBER
Terms of availability 3..40
International Standard Book Number -
035 ## - SYSTEM CONTROL NUMBER
System control number 123681
037 ## - SOURCE OF ACQUISITION
Source of stock number/acquisition BPPD
082 ## - DEWEY DECIMAL CLASSIFICATION NUMBER
Classification number 841
100 ## - MAIN ENTRY--PERSONAL NAME
Personal name بھيا ا حسا ن ا لحق
245 ## - TITLE STATEMENT
Title لمعا ت و ر با عيا ت
Statement of responsibility, etc بھيا ا حسا ن ا لحق
246 ## - VARYING FORM OF TITLE
Title proper/short title Lumhat wa Rubaiyat (Urdu)
Remainder of title by Bhaia Ahsan ul Haque
260 ## - PUBLICATION, DISTRIBUTION, ETC. (IMPRINT)
Place of publication, distribution, etc Delhi
Date of publication, distribution, etc 1957 ء
Name of publisher, distributor, etc Maktaba jamia ltd.
270 ## - ADDRESS
City Delhi
Telephone number -
Postal code 6
Address Urdu Bazar
300 ## - PHYSICAL DESCRIPTION
Extent 240 ص
Dimensions 22 cm(hb)
942 ## - ADDED ENTRY ELEMENTS (KOHA)
Source of classification or shelving scheme Dewey Decimal Classification
Item type Urdu Bks
Classification part 841
Call number suffix ا ک ب
Holdings
Withdrawn status Lost status Not for loan Collection code Home library Current library Date acquired Source of acquisition Cost, normal purchase price Full call number Barcode Copy number Cost, replacement price Koha item type
      Non-fiction Central Library Central Library 03/01/2020 BPPD/Ven. 3.40 841 ا ک ب 123681 1 3.40 Urdu Bks

© Delhi Public Library
Hit Counter
free hit counter